<?xml version="1.0" encoding="UTF-8"?>
<record
    xmlns:xsi="http://www.w3.org/2001/XMLSchema-instance"
    xsi:schemaLocation="http://www.loc.gov/MARC21/slim http://www.loc.gov/standards/marcxml/schema/MARC21slim.xsd"
    xmlns="http://www.loc.gov/MARC21/slim">

  <leader>01544nam a22001937a 4500</leader>
  <controlfield tag="008">251022b        |||||||| |||| 00| 0 eng d</controlfield>
  <datafield tag="020" ind1=" " ind2=" ">
    <subfield code="a">9788409342525</subfield>
  </datafield>
  <datafield tag="040" ind1=" " ind2=" ">
    <subfield code="c">tbs</subfield>
  </datafield>
  <datafield tag="041" ind1=" " ind2=" ">
    <subfield code="a">eng</subfield>
  </datafield>
  <datafield tag="100" ind1=" " ind2=" ">
    <subfield code="a">MacGregor, Steven P.</subfield>
    <subfield code="9">26272</subfield>
    <subfield code="e">author</subfield>
  </datafield>
  <datafield tag="245" ind1=" " ind2=" ">
    <subfield code="a">The daily reset</subfield>
    <subfield code="b">: 366 nudges to move your life forward</subfield>
    <subfield code="c">/ Steven P. MacGregor.</subfield>
  </datafield>
  <datafield tag="260" ind1=" " ind2=" ">
    <subfield code="a">[Place of publication not identified] :</subfield>
    <subfield code="b">Sheepdog Press,</subfield>
    <subfield code="c">2021.</subfield>
  </datafield>
  <datafield tag="300" ind1=" " ind2=" ">
    <subfield code="a">401 pages :</subfield>
    <subfield code="b">illustrations ;</subfield>
    <subfield code="c">21 cm.</subfield>
  </datafield>
  <datafield tag="490" ind1=" " ind2=" ">
    <subfield code="a">Chief wellbeing officer</subfield>
  </datafield>
  <datafield tag="520" ind1=" " ind2=" ">
    <subfield code="a">We get to write a new page of our lives each and every day. No matter what the day holds, we go to sleep and reset for the new one ahead. Each daily reset gives us an opportunity to improve, by small yet valuable margins. This book provides guidance, inspiration and knowledge to move your life forward. You will find 366 nudges&#x2014;reflections, questions, hacks, facts, stories, studies and methods&#x2014;divided into 12 key themes for your wellbeing.

Wellbeing is a journey. We might not find the right path the first time. In fact, it&#x2019;s something that is always changing, evolving as we adapt to the way our life journey throws us surprises, setbacks and fortune, pleasure and pain. Such is the richness of life. Both journey and journal come from the same root, the Old French jour, or day. Every journey starts with a step, a day. If you don&#x2019;t get it right today, simply reset. And go again tomorrow.

Let&#x2019;s begin.
</subfield>
  </datafield>
  <datafield tag="650" ind1=" " ind2="0">
    <subfield code="a">Health and Wellbeing</subfield>
    <subfield code="9">26273</subfield>
  </datafield>
  <datafield tag="655" ind1=" " ind2="0">
    <subfield code="a">Self-Improvement</subfield>
    <subfield code="9">24754</subfield>
  </datafield>
  <datafield tag="942" ind1=" " ind2=" ">
    <subfield code="2">lcc</subfield>
  </datafield>
  <datafield tag="999" ind1=" " ind2=" ">
    <subfield code="c">5087</subfield>
    <subfield code="d">5087</subfield>
  </datafield>
</record>
